000 01453nam0a22003011 4500
001 v19\rc\1634565
005 20260406101636.0
035 _a(NLR Aleph) 005240205
090 _a5696362
_c5696362
100 _a20061002d1906 |||y0rusy50 ca
101 0 _arus
102 _aRU
105 _ay z |||||
200 1 _aI. В чем состоит долг русской женщины
_aII. В память адмирала Степана Осиповича Макарова
_fДевиз
210 _aСанкт-Петербург
_cтипо-лит. "Евг. Тиле преемн."
_d1906
215 _a16 с.
_d19
300 _aНачало: 1. О чем плачет русская женщина. II. Боги с Олимпа; продолжением является "Союз матерей" и "Заброшенные"
517 0 _aВ чем состоит долг русской женщины
517 0 _aВ память адмирала Степана Осиповича Макарова
700 1 _8rus
_7ca
_aДевиз
_bМ. И.
_3RU\NLR\AUTH\7780888
_963816
702 1 _4570
_8rus
_7ca
_aМакаров
_bС. О.
_cфлотоводец
_f1848-1904
_gСтепан Осипович
_3RU\NLR\AUTH\7780882
_963810
801 2 _aRU
_bNLR
_c20091005
_2rusmarc
801 0 _aRU
_bNLR
_c20061002
_gpsbo
801 0 _aRU
_bRuMoRGB
_c20061002
_2psbo
801 1 _aRU
_bProSoft-M
_c20061002
_2rusmarc
852 _aNLR
_j34.48.7.621
942 _cBOOK
980 _aNB